| 000 | 00519cam a2200157 a 4500 | ||
|---|---|---|---|
| 008 | 040329s1938 mx 000 0 spa u | ||
| 035 | _aa436232 | ||
| 050 | 0 | 0 |
_aHQ1462 _bM53 1938 |
| 100 | 1 | _aMichel, Concha | |
| 245 | 1 | 0 |
_aDos antagonismos fundamentales / _cConcha Michel ; prol. de Rosendo Salazar. |
| 260 |
_aMéxico : _bEditorial de Izquierda de la Cámara de Diputados, _c1938. |
||
| 300 |
_a118 p. ; _c20 cm. |
||
| 650 | 4 |
_aMujeres en México _xHistoria |
|
| 700 | 1 | _aSalazar, Rosendo, prol. | |
| 942 |
_2lcc _cLIB |
||
| 999 |
_c68476 _d68476 |
||